LEADER 00974nam--2200337---450- 001 990001893000203316 005 20040802100804.0 035 $a000189300 035 $aUSA01000189300 035 $a(ALEPH)000189300USA01 035 $a000189300 100 $a20040802d1952----km-y0itay0103----ba 101 0 $aita 102 $aIT 105 $a||||||||001yy 200 1 $aPostilla su un codice della Aspis$fCarlo Ferdinando Russo 210 $aFirenze$cLe Monnier$d1952 215 $a3 p.$d24 cm 300 $aEstr. da : Studi italiani di Filologia Classica. vol. 26. fasc. 1-2. (1952) 410 0$12001 454 1$12001 461 1$1001-------$12001 700 1$aRUSSO,$bCarlo Ferdinando$0116709 801 0$aIT$bsalbc$gISBD 912 $a990001893000203316 951 $aVIII Misc. 34/I$bL.M.$cVIII Misc. 959 $aBK 969 $aUMA 979 $aSIAV1$b10$c20040802$lUSA01$h1008 996 $aPostilla su un codice della Aspis$9954159 997 $aUNISA LEADER 01794oam 2200493 450 001 9910706532903321 005 20171212103355.0 035 $a(CKB)5470000002457120 035 $a(OCoLC)1014183998 035 $a(OCoLC)995470000002457120 035 $a(EXLCZ)995470000002457120 100 $a20171207j197001 ua 0 101 0 $aeng 135 $aurbn||||||||| 181 $ctxt$2rdacontent 182 $cc$2rdamedia 183 $acr$2rdacarrier 200 10$aAerodynamic investigation of four-vane cascade designed for turbine cooling studies /$fby Herbert J. Gladden [and three others] 210 1$aWashington, D.C. :$cNational Aeronautics and Space Administration,$dJanuary 1970. 215 $a1 online resource (32 pages) $cillustrations 225 1 $aNASA/TM ;$vX-1954 300 $a"January 1970." 300 $a"Performing organization: Lewis Research Center, National Aeronautics and Space Administration"--Report documentation page. 320 $aIncludes bibliographical references (page 32). 606 $aAerodynamic characteristics$2nasat 606 $aTurbine blades$2nasat 606 $aCooling systems$2nasat 606 $aThermodynamic efficiency$2nasat 606 $aVanes$2nasat 615 7$aAerodynamic characteristics. 615 7$aTurbine blades. 615 7$aCooling systems. 615 7$aThermodynamic efficiency. 615 7$aVanes. 700 $aGladden$b Herbert J.$01386769 712 02$aUnited States.$bNational Aeronautics and Space Administration, 712 02$aLewis Research Center. 801 0$bGPO 801 1$bGPO 801 2$bGPO 906 $aBOOK 912 $a9910706532903321 996 $aAerodynamic investigation of four-vane cascade designed for turbine cooling studies$93504778 997 $aUNINA